El recurso contencioso administrativo contra reglamentos y ordenanzas en la nueva Ley de Régimen Local / (Record no. 45106)

MARC details
000 -LEADER
campo de control de longitud fija 00634nam a2200169 i 4500
001 - NÚMERO DE CONTROL
campo de control 45106
003 - IDENTIFICADOR DE NÚMERO DE CONTROL
campo de control ES-MaACL
005 - FECHA Y HORA DE LA ÚLTIMA TRANSACCIÓN
campo de control 20260115063027.0
007 - CAMPO FIJO DE DESCRIPCIÓN FÍSICA--INFORMACIÓN GENERAL
campo de control de longitud fija t|
008 - DATOS DE LONGITUD FIJA--INFORMACIÓN GENERAL
campo de control de longitud fija 030325s1951 sp ||||1| spa d
100 1# - ENTRADA PRINCIPAL--NOMBRE DE PERSONA
Nombre de persona Clavero Arévalo, Manuel,
Fechas asociadas al nombre 1926-
9 (RLIN) 39131
245 13 - MENCIÓN DEL TÍTULO
Título El recurso contencioso administrativo contra reglamentos y ordenanzas en la nueva Ley de Régimen Local /
Mención de responsabilidad, etc. Manuel Francisco Clavero Arévalo.
260 ## - PUBLICACIÓN, DISTRIBUCIÓN, ETC.
Lugar de publicación, distribución, etc. Madrid :
Nombre del editor, distribuidor, etc. Reus,
Fecha de publicación, distribución, etc. 1951.
500 ## - NOTA GENERAL
Nota general Es separata de: Revista General de Legislación y Jurisprudencia, julio-agosto 1951.
852 ## - LOCALIZACIÓN
Ubicación ES-MaACL
Número de control de estantería 2014-F-12
Sublocalización o colección R.45113
Holdings
Estatus retirado Estado de pérdida Estado de daño No para préstamo Colección Biblioteca de origen Biblioteca actual Ubicación en estantería Fecha de adquisición Fuente de adquisición Total de préstamos Signatura topográfica completa Código de barras Visto por última vez Precio de reemplazo Tipo de ítem Koha
        Colección de folletos Biblioteca del Ateneo de Madrid Biblioteca del Ateneo de Madrid Depósito folletos 17/01/2008     2014-F-12 1047469 23/02/2023 23/02/2023 Folleto